000 00350nam a2200145Ia 4500
008 191201s2010 xx 000 0 und d
082 _a658.5
_bROE
100 _aROBBINS,Stephen P
245 0 _aEssentials of Organizational Behaviour
250 _a10th
260 _aN. delhi
_bpearson
_c2010
300 _a327
650 _aBBA
942 _2ddc
_cBK
_04
999 _c4492
_d4492